000 00427nam a22001697a 4500
003 UA-OsUOA
001 5042
007 ta
008 20050721b un ||||| |||| 00| 0 ukr d
100 _aРудакова
700 _aИ. Ф.
942 _cBK
040 _aUA-OsUOA
_cUA-OsUOA
_dUA-OsUOA
245 _aУчебный русско-англо-французско-немецко сл....
_bGerman
955 _a2
650 7 _2UDC
999 _c291204
_d291204